Abgestufte Integration <Eine> Alternative zum herkömmlichen Integrationskonzept

Salvato in:
Dettagli Bibliografici
Natura: Libro
Lingua:tedesco
Pubblicazione: Kehl am Rhein Engel 1984
Edizione:1. Aufl.
Soggetti:
Tags: Aggiungi Tag
Nessun Tag, puoi essere il primo ad aggiungerne!!

MARC

LEADER 00000nam a2200000 4500
001 c000738
005 20240223093619.7
020 |a 3-88357-025-7 
041 0 |a ger 
044 |a DE 
245 1 0 |a Abgestufte Integration  |b <Eine> Alternative zum herkömmlichen Integrationskonzept  |c Red. Eberhard Grabitz 
250 |a 1. Aufl. 
264 1 |a Kehl am Rhein  |b Engel  |c 1984 
300 |a 411 s. 
610 2 0 |a Európske spoločenstvá 
610 2 0 |a integrácia ekonomická medzinárodná 
610 2 0 |a koncepcie 
610 2 0 |a doprava 
610 2 0 |a politika obchodná 
610 2 0 |a konkurencia 
610 2 0 |a dane 
610 2 0 |a právo medzinárodné